000 00514nam a2200157Ia 4500
008 210716s2006 xx 000 0 und d
020 _a818429025X
041 _aeng
082 _a374.22 KRIM
100 _aKrishnakumari, Myneni.
245 _aAndhra Sri: recent researches on archaeology, art, architecture and culture.
_brecent researches on archaeology, art, architecture and culture.
250 _a1
260 _aNew Delhi
_bAssociated Publishers
_c2006
300 _axi,299
650 _aGeneral Management
999 _c198714
_d198714